| 000 | 01369cam a22003371 4500 | ||
|---|---|---|---|
| 001 | 18068 | ||
| 003 | BD-RjUL | ||
| 005 | 20211209000231.0 | ||
| 008 | 140219s1950 nyu b 000 0 eng d | ||
| 035 | _a(BD-RjUL)18126 | ||
| 035 | _a(OCoLC)269338 | ||
| 040 |
_aDLC _cODaWU _dOCoLC _dDLC _dBD-RjUL _beng |
||
| 041 | _aeng | ||
| 082 | 0 | 0 |
_a813.509 _bJEF 1950 |
| 100 | 1 |
_aJessup, Josephine Lurie. _955669 |
|
| 245 | 1 | 4 |
_aThe faith of our feminists : _ba study in the novels of Edith Wharton, Ellen Glasgow, Willa Cather / |
| 260 |
_aNew York : _bR.R. Smith, _c1950. |
||
| 300 |
_a128 p. ; _c22 cm. |
||
| 504 | _aIncludes bibliographies. | ||
| 600 | 1 | 0 |
_aWharton, Edith, _d1862-1937 _xCriticism and interpretation. _955699 |
| 600 | 1 | 0 |
_aGlasgow, Ellen Anderson Gholson, _d1873-1945 _xCriticism and interpretation. _955700 |
| 600 | 1 | 0 |
_aCather, Willa, _d1873-1947 _xCriticism and interpretation. _955701 |
| 650 | 0 |
_aAmerican fiction _y20th century _xHistory and criticism. _952286 |
|
| 650 | 0 |
_aFeminism and literature _zUnited States _xHistory _y20th century. _955673 |
|
| 650 | 0 |
_aWomen and literature _zUnited States _xHistory _y20th century. _955674 |
|
| 650 | 0 |
_aAmerican fiction _xWomen authors _xHistory and criticism. _955675 |
|
| 650 | 0 |
_aFeminist fiction, American _xHistory and criticism. _955676 |
|
| 942 |
_2ddc _cBK |
||
| 999 |
_c18068 _d18068 |
||